000 00665nam a22001937a 4500
999 _c14422
_d14422
003 AR-CdUCM
008 190423b ||||| |||| 00| 0 spa d
020 _a978-607-404-196-5
040 _aMUNICIPALIDAD PROVINCIAL DEL CUSCO
_cBIBLIOTECA MUNICIPAL DEL CUSCO
082 _aES / 940
_bR55
100 _aRiley, Peter
_933181
245 _aGalileo sus grandes inventos y descubrimientos /
260 _aMexico :
_bAdvanced marketing,
_c2011.
300 _a8 paginas ;
_bIlustraciones plegables,
_c27 cm.
_eFiguras tridimensionales,
650 _aGrandes inventos
_933182
650 _aInventos para niƱos
_933183
942 _2ddc
_cLIBROS
945 _apjha
_d2019-04-25